00517nam a22001697a 450000500170000001000150001702000260003203500140005803700090007208200160008110000150009724500540011225000060016626000460017227001030021830000260032120250328145835.0 aENG-144342 a9780670090075c499.00 aEN-127874 bDBAD a332.495421 aArun Kumar aDemonetization And the Black Economy/cArun Kumar a1 aHaryanabPenguin Random House Indiac2017 aPenguin Random House India Pvt. Ltd. 7th Floor , Infinity Tower C, DLF Cyber CitybHaryanae122002 axvii,300p.c20 cm(hb)